[Event "Troll Masters"]
[Site "Gausdal"]
[Date "1993.??.??"]
[Round "1"]
[White "Blees, Albert"]
[Black "Ivanov, Igor V"]
[Result "1/2-1/2"]
[WhiteElo "2405"]
[BlackElo "2530"]

1.d4 Nf6 2.c4 e6 3.Nf3 d5 4.Nc3 Be7 5.Bf4 O-O 6.e3 c5 7.dxc5 Bxc5 8.Be2 dxc4
9.Bxc4 a6 10.O-O b5 11.Bd3 Bb7 12.Qe2 Nbd7 13.Rfd1 Qe7 14.Nd2 Rac8 15.Nde4 Nd5
16.Nxd5 exd5 17.Nxc5 Nxc5 18.Bf5 Ne6 19.Be5 f6 20.Bc3 Rfe8 21.a4 b4 22.Bxe6+ Qxe6
23.Bd4 Qf5 24.Rac1 Rxc1 25.Rxc1 Rc8 26.Rxc8+ Qxc8 27.h3 Qc1+ 28.Kh2 Qc7+
29.f4 Bc8 30.b3 Qc6 31.Qd2 Bf5 32.Qxb4 Qc2 33.Qb8+ Kf7 34.Qb7+ Kg6 35.Qxa6 Qf2
36.Qd6 Be4 37.f5+ Kg5 38.Qg3+ Qxg3+ 39.Kxg3 Kxf5 40.a5 Bd3 41.Kf3 h5 42.g3 Ke6
43.Bc5  1/2-1/2

[Event "Arnold Cup"]
[Site "Gausdal"]
[Date "1993.??.??"]
[Round "2"]
[White "Bern, Ivar"]
[Black "Nielsen, Peter Heine"]
[Result "1/2-1/2"]
[WhiteElo "2395"]
[BlackElo "2440"]

1.d4 Nf6 2.c4 e6 3.Nc3 d5 4.Nf3 Be7 5.Bf4 O-O 6.e3 c5 7.dxc5 Bxc5 8.Qc2 Nc6
9.a3 Qa5 10.Nd2 Be7 11.Be2 Bd7 12.O-O Rfc8 13.Rfd1 Qd8 14.cxd5 Nxd5 15.Nxd5 exd5
16.Qb3 Na5 17.Qxd5 Ba4 18.Qh5 Rc5 19.Ne4 Bxd1 20.Nxc5 Bxe2 21.Qxe2 Bxc5 22.b4 Bb6
23.bxa5 Bxa5 24.Be5 Bc7 25.Rd1 Qe7 26.Bxc7 Qxc7 27.Qd3 Rc8 28.g3  1/2-1/2

[Event "Troll Masters"]
[Site "Gausdal"]
[Date "1993.??.??"]
[Round "5"]
[White "Tisdall, Jonathan D"]
[Black "Upton, Timothy J"]
[Result "1-0"]
[WhiteElo "2425"]
[BlackElo "2260"]

1.Nf3 d5 2.c4 e6 3.d4 Nf6 4.Nc3 Be7 5.Bf4 O-O 6.e3 c5 7.dxc5 Bxc5 8.Qc2 Nc6
9.a3 Qa5 10.Nd2 Be7 11.Nb3 Qd8 12.Rd1 a5 13.Na4 e5 14.Bg3 d4 15.Be2 g6 16.exd4 exd4
17.O-O Bf5 18.Bd3 Bg4 19.f3 Bd7 20.Nbc5 Ra7 21.Nxd7 Qxd7 22.Rfe1 Qd8 23.Qb3 Nh5
24.Bf2 Bd6 25.Be4 Qc7 26.g3 Ra6 27.Bxc6 Rxc6 28.Rxd4 Rc8 29.Qd3 Rxc4 30.Rxd6 Rxa4
31.Rd7 Qc6 32.Rd8+ Rxd8 33.Qxd8+ Kg7 34.Bd4+ Nf6 35.Bc3 b6 36.Re8 Kh6 37.Qxf6 Qxe8
38.Bd2+  1-0

[Event "Bundesliga 9293"]
[Site "Germany"]
[Date "1993.??.??"]
[Round "?"]
[White "Bangiev, Alexander"]
[Black "Jussupow, Artur"]
[Result "1/2-1/2"]
[WhiteElo "2385"]
[BlackElo "2630"]

1.d4 d5 2.c4 e6 3.Nc3 Be7 4.Nf3 Nf6 5.Bf4 O-O 6.e3 c5 7.dxc5 Bxc5 8.Qc2 Nc6
9.a3 Bd7 10.cxd5 exd5 11.Rd1 Rc8 12.Be2 Be6 13.O-O Qe7 14.Bg5 Rfd8 15.Qa4 h6
16.Bh4 a6 17.Rd2 g5 18.Bg3 Bf5 19.Rfd1 Be4 20.Nxe4 dxe4 21.Rxd8+ Rxd8 22.Nd2 Bd6
23.Bxd6 Rxd6 24.Qc2 Qe6 25.Nb3 Rxd1+ 26.Qxd1 Nd7 27.Qc2 Kg7 28.Qc3+ Qf6 29.Qd2 Qe6
30.Qc3+ Qf6 31.Qd2 Qe6  1/2-1/2

[Event "BL2-S9293"]
[Site "Germany"]
[Date "1993.??.??"]
[Round "?"]
[White "Sokolov, Andrei"]
[Black "Mozny, Milos"]
[Result "1-0"]
[WhiteElo "2555"]
[BlackElo "2410"]

1.d4 d5 2.c4 e6 3.Nc3 Nf6 4.Nf3 Be7 5.Bf4 O-O 6.e3 c5 7.dxc5 Bxc5 8.cxd5 Nxd5
9.Nxd5 exd5 10.a3 Nc6 11.Bd3 Bd6 12.Bxd6 Qxd6 13.O-O Qf6 14.Qb3 Rd8 15.Rac1 Rb8
16.Rfd1 Bg4 17.Be2 d4 18.exd4 Bxf3 19.Qxf3 Qxf3 20.Bxf3 Nxd4 21.Bg4 f5 22.Rc4 Nc6
23.Be2 Rxd1+ 24.Bxd1 Rd8 25.Bb3 Kf8 26.Rc5 Rd2 27.Rxf5+ Ke8 28.h4 Rxb2 29.Bf7+ Ke7
30.Bg8 Nd8 31.Bxh7 Rb3 32.Re5+ Kf6 33.Ra5 g6 34.Rg5 Rxa3 35.Rxg6+ Kf7 36.h5 Ra5
37.Bg8+ Kf8 38.h6 Ra1+ 39.Kh2 Ra5 40.g4 Ra6 41.Rxa6 bxa6 42.h7 Kg7 43.f4 Nc6
44.f5 Ne5 45.Kg3 a5 46.g5 a4 47.Kf4 Nd7 48.f6+ Kh8 49.Kf5  1-0

[Event "BL2-W9293"]
[Site "Germany"]
[Date "1993.??.??"]
[Round "?"]
[White "Kertesz, Alfred"]
[Black "Kveinys, Aloyzas"]
[Result "1-0"]
[WhiteElo "2350"]
[BlackElo "2555"]

1.d4 Nf6 2.c4 e6 3.Nf3 d5 4.Nc3 Be7 5.Bf4 O-O 6.e3 b6 7.Rc1 Bb7 8.Be2 dxc4
9.Bxc4 a6 10.O-O Nbd7 11.d5 Nc5 12.dxe6 Nxe6 13.Bxe6 fxe6 14.Ng5 Qc8 15.Na4 c5
16.Qb3 Bd5 17.Qxb6 Nd7 18.Qa5 Qc6 19.Nxe6 Qxe6 20.Nc3 Bc6 21.Bg3 h5 22.e4 h4
23.Bc7 h3 24.f3 hxg2 25.Kxg2 Ne5 26.Bxe5 Qxe5 27.Rc2 Rf6 28.Nd5 Bxd5 29.exd5 Raf8
30.Qd2 Bd6 31.Kg1 Rxf3 32.Rxf3 Rxf3 33.Rc3 Rf6  1-0

[Event "BL9293 (Women)"]
[Site "Germany"]
[Date "1993.??.??"]
[Round "?"]
[White "Goehler, Antje"]
[Black "Gruenberg, Regina"]
[Result "1-0"]
[WhiteElo "2135"]
[BlackElo "2150"]

1.d4 d5 2.c4 e6 3.Nc3 Nf6 4.Nf3 Be7 5.Bf4 O-O 6.e3 c5 7.dxc5 Bxc5 8.Be2 dxc4
9.Bxc4 Qxd1+ 10.Rxd1 a6 11.O-O b5 12.Bb3 Bb7 13.Ne5 Rc8 14.Rd3 Kf8 15.Rfd1 Ke8
16.Bg5 Be7 17.f4 Nc6 18.Bxf6 Bxf6 19.Nxf7 Kxf7 20.Rd7+ Be7 21.Rxb7 Na5 22.Rbd7 Rd8
23.Rxd8 Rxd8 24.Rxd8 Bxd8 25.Kf2 Bf6 26.Kf3 Ke7 27.Ke2 Kd7 28.Kd3 Nc6 29.g4 h6
30.Ke4 Na5 31.Kf3 Nxb3 32.axb3 Bxc3 33.bxc3 a5 34.Ke4 Kc6 35.h4 a4 36.bxa4 bxa4
37.Kd3 Kc5 38.g5 a3 39.Kc2 Kc4 40.e4 a2 41.Kb2 a1=Q+ 42.Kxa1 Kxc3 43.gxh6  1-0

[Event "Guichen op"]
[Site "Guichen"]
[Date "1993.??.??"]
[Round "?"]
[White "Timoshchenko, Gennadi A"]
[Black "Vasilescu, Lucian"]
[Result "1-0"]
[WhiteElo "2525"]
[BlackElo "2400"]

1.d4 d5 2.c4 e6 3.Nf3 Nf6 4.Nc3 Be7 5.Bf4 O-O 6.e3 c5 7.dxc5 Bxc5 8.Qc2 Nc6
9.a3 Qa5 10.O-O-O Be7 11.g4 dxc4 12.Bxc4 e5 13.g5 exf4 14.gxf6 Bxf6 15.Nd5 Ne7
16.Nxf6+ gxf6 17.Rhg1+ Kh8 18.Qe4 Ng6 19.Qd4 Qb6 20.Qxb6 axb6 21.Rd6 fxe3
22.fxe3 Ra5 23.Kd2 Rf5 24.Bd5 Ne5 25.Nxe5 fxe5 26.Rg2 b5 27.Rb6 Rd8 28.e4 Rf4
29.Ke3 Bh3 30.Rg3 Bf1 31.b3 f5 32.Rxb7 Rg4 33.Rxg4 fxg4 34.Rf7 Bh3 35.Re7 Rc8
36.Rxe5 Rc2 37.Re8+ Kg7 38.e5 Rxh2 39.Rg8+ Kh6 40.e6 Bf1 41.Rxg4 Re2+ 42.Kd4  1-0

[Event "Wichern op"]
[Site "Hamburg"]
[Date "1993.??.??"]
[Round "8"]
[White "Stohl, Igor"]
[Black "Korneev, Oleg"]
[Result "1/2-1/2"]
[WhiteElo "2545"]
[BlackElo "2475"]

1.c4 e6 2.Nc3 d5 3.d4 Be7 4.Nf3 Nf6 5.Bf4 O-O 6.e3 c5 7.dxc5 Bxc5 8.a3 Nc6
9.Qc2 Qa5 10.Nd2 Bb4 11.cxd5 exd5 12.Bd3 d4 13.O-O Bxc3 14.Nc4 Qh5 15.bxc3 dxc3
16.Bg3 b5 17.Nd6 b4 18.Bb5 Bd7 19.Bxc6 Bxc6 20.axb4 Rad8 21.Ra5 Qg4 22.Qxc3 Rxd6
23.f3 Bxf3 24.gxf3 Qg6 25.Rxa7 Nh5 26.Kg2 Rc6 27.Qb3 Rd8 28.Ra2 Nxg3 29.hxg3 h5
30.Rd1 Rdc8 31.b5 Rc3 32.Qd5 Rxe3 33.Rad2 Rce8 34.Rf1 R3e5 35.Qd3 Qb6 36.Rb2 Re3
37.Qd2 R3e5 38.Qd3 Rd8 39.Qc4 Rc5 40.Qe2 Rcd5 41.Re1  1/2-1/2

[Event "Hania op"]
[Site "Hania"]
[Date "1993.??.??"]
[Round "3"]
[White "Lirindzakis, Timotheos"]
[Black "Mikhalevski, Alexander"]
[Result "1/2-1/2"]
[WhiteElo "2400"]
[BlackElo "2440"]

1.c4 e6 2.Nf3 d5 3.d4 Nf6 4.Nc3 Be7 5.Bf4 O-O 6.e3 b6 7.cxd5 exd5 8.Ne5 c5
9.Bd3 Bb7 10.Qf3 Nc6 11.O-O cxd4 12.Nxc6 Bxc6 13.exd4 Qd7 14.a3 Rfe8 15.Rfe1 Bd6
16.Bxd6 Qxd6 17.Qg3 Qxg3 18.hxg3 Kf8 19.f3 h5 20.Kf2 Re7 21.Rac1 Rxe1 22.Kxe1 Ke7
23.Kd2 g6 24.Bb5  1/2-1/2

[Event "Hania op"]
[Site "Hania"]
[Date "1993.??.??"]
[Round "5"]
[White "Van Wely, Loek"]
[Black "Radulov, Ivan"]
[Result "1/2-1/2"]
[WhiteElo "2585"]
[BlackElo "2400"]

1.d4 d5 2.c4 e6 3.Nc3 Nf6 4.Nf3 Be7 5.Bf4 O-O 6.e3 c6 7.Qc2 Nbd7 8.Rd1 Nh5
9.Bd3 Nxf4 10.exf4 g6 11.h4 dxc4 12.Bxc4 Nb6 13.Bd3 Nd5 14.Nxd5 exd5 15.h5 Bf6
16.Kf1 Bg4 17.hxg6 hxg6 18.Bxg6 Bxf3 19.Bh7+ Kg7 20.Rd3 Rh8 21.Rxf3 Bxd4
22.g4 Kf8 23.g5 Qe7 24.Rd3 c5 25.Rxd4 cxd4 26.Qd3 Re8 27.Kg2 Qe2 28.Qxd4 Qg4+  1/2-1/2

[Event "Hania op"]
[Site "Hania"]
[Date "1993.??.??"]
[Round "6"]
[White "Maiwald, Jens Uwe"]
[Black "Nenashev, Alexander"]
[Result "1/2-1/2"]
[WhiteElo "2430"]
[BlackElo "2580"]

1.d4 d5 2.Nf3 Nf6 3.c4 e6 4.Nc3 Be7 5.Bf4 O-O 6.e3 Nbd7 7.Qc2 c6 8.h3 Re8
9.Be2 b6 10.O-O Bb7 11.cxd5 exd5 12.Rfd1 Nf8 13.Rab1 Ng6 14.Bh2 Bd6 15.b4 Bxh2+
16.Nxh2 Qe7 17.a4 Rad8 18.Nf1 Nh4 19.Ng3 Qd6 20.Bd3 Re7 21.Nce2 Rde8 22.Rdc1 Rc8
23.a5 Rcc7 24.axb6 axb6 25.Ra1 g6 26.Qc3 b5 27.Ra7 Qd8 28.Qa3 Ne8 29.Qc3 Nd6
30.Qc5 Kg7 31.Rca1 Rcd7 32.Nf4 Re8 33.Rxb7 Rxb7 34.Qxc6 Rc7 35.Qxd5 Qe7 36.Kh2 Rd8
37.Ra6 Kf8 38.Bxb5 Ndf5 39.Ra8 Rcc8 40.Rxc8 Rxc8 41.Nxf5 Nxf5 42.Bd3 Rd8
43.Qc5 Qxc5 44.dxc5 Ne7 45.Ba6 Rd2 46.f3 g5 47.Nd3 Nd5 48.c6 Ke7 49.e4 Nc7
50.Bc4 Rc2 51.Bd5 f6 52.Kg3 Rd2 53.Nc5 Rd4 54.Bg8 h5 55.h4 Rxb4 56.Nd7 Rb2
57.e5 gxh4+ 58.Kh3 fxe5 59.Nxe5 Kf6 60.Nd3 Rc2 61.Bh7 Rc4 62.Be4 Kg5 63.f4+ Kh6
64.Bf5 Rxc6 65.Kxh4 Rc3  1/2-1/2

[Event "Heraklio op"]
[Site "Heraklio"]
[Date "1993.??.??"]
[Round "3"]
[White "Ibragimov, Ildar"]
[Black "Radulov, Ivan"]
[Result "1-0"]
[WhiteElo "2550"]
[BlackElo "2400"]

1.d4 d5 2.c4 e6 3.Nc3 Nf6 4.Nf3 Be7 5.Bf4 O-O 6.e3 b6 7.cxd5 Nxd5 8.Nxd5 exd5
9.Bd3 c5 10.Ne5 Bb7 11.O-O Nd7 12.dxc5 bxc5 13.Qa4 Nxe5 14.Bxe5 Bf6 15.Bxf6 Qxf6
16.Qc2 d4 17.exd4 cxd4 18.Bxh7+ Kh8 19.Bd3 Rac8 20.Qd2 Rc5 21.f3 Rfc8 22.Rac1 Ba6
23.Rxc5 Rxc5 24.Bxa6 Qxa6 25.Qxd4 Rc2 26.Re1 Qb6 27.Qxb6 axb6 28.b4 Rxa2
29.Re8+ Kh7 30.Rb8 f5 31.Rxb6 Rb2 32.h4 g6 33.Kh2 f4 34.Kh3 Kh6 35.b5 Rb1
36.Rf6 Rh1+ 37.Kg4 Rg1 38.Kxf4 Rxg2 39.b6 Rb2 40.Ke5 Rb4 41.Kd5  1-0

[Event "Herzliya"]
[Site "Herzliya"]
[Date "1993.??.??"]
[Round "7"]
[White "Davies, Nigel R"]
[Black "Boensch, Uwe"]
[Result "1/2-1/2"]
[WhiteElo "2505"]
[BlackElo "2525"]

1.d4 d5 2.Nf3 Nf6 3.c4 e6 4.Nc3 Be7 5.Bf4 O-O 6.e3 c5 7.dxc5 Bxc5 8.Be2 dxc4
9.Qxd8 Rxd8 10.Bxc4 a6 11.O-O b5 12.Be2 Bb7 13.Rfd1  1/2-1/2

[Event "HUN-chT"]
[Site "HUN"]
[Date "1993.??.??"]
[Round "?"]
[White "Deak, Sandor"]
[Black "Bauer, Tamas"]
[Result "0-1"]
[WhiteElo "2385"]
[BlackElo "2335"]

1.d4 d5 2.c4 e6 3.Nf3 Nf6 4.Nc3 Be7 5.Bf4 O-O 6.e3 c5 7.dxc5 Bxc5 8.a3 Nc6
9.Qc2 Qa5 10.O-O-O Be7 11.Nb5 dxc4 12.Bxc4 Bd7 13.Bc7 b6 14.Rxd7 Nxd7 15.Qe4 a6
16.Qxc6 axb5 17.Qxd7 Bxa3 18.Qxb5 Rfc8 19.bxa3 Rxc7 20.Kb1 Qxa3 21.Rc1 Rac8
22.Nd2 Qd6 23.Nb3 Rxc4  0-1

[Event "HUN-chT"]
[Site "HUN"]
[Date "1993.??.??"]
[Round "?"]
[White "Bernei, Andras"]
[Black "Toth, Janos"]
[Result "1/2-1/2"]
[WhiteElo "2335"]
[BlackElo "2285"]

1.Nf3 d5 2.d4 Nf6 3.c4 e6 4.Nc3 Be7 5.Bf4 O-O 6.e3 c6 7.Bd3 Nbd7 8.h3 a6
9.O-O dxc4 10.Bxc4 b5 11.Bd3 c5 12.Ne5 Bb7 13.Qe2 Qb6 14.Rfd1 Rfd8 15.a4  1/2-1/2

[Event "HUN-chT"]
[Site "HUN"]
[Date "1993.??.??"]
[Round "?"]
[White "Farago, Ivan"]
[Black "Almasi, Istvan"]
[Result "1-0"]
[WhiteElo "2510"]
[BlackElo "2430"]

1.d4 e6 2.c4 d5 3.Nc3 Nf6 4.Nf3 Be7 5.Bf4 O-O 6.e3 c5 7.dxc5 Bxc5 8.Qc2 Nc6
9.a3 Be7 10.Be2 dxc4 11.Bxc4 a6 12.Ba2 b5 13.O-O Bb7 14.Rad1 Qa5 15.Bb1 Rac8
16.Rd7 Ba8 17.Bg5 g6 18.Rxe7 Nxe7 19.Bxf6 Nd5 20.Nxd5 Bxd5 21.Qd1 b4 22.e4 Bc4
23.e5 Bxf1 24.Qd2 Be2 25.Qh6 Rc1+ 26.Qxc1 Qd5 27.Bc2 Qa2 28.Ne1  1-0

[Event "HUN-chT2"]
[Site "HUN"]
[Date "1993.??.??"]
[Round "?"]
[White "Csaba, Arpad"]
[Black "Kapu, Jeno"]
[Result "0-1"]
[WhiteElo "2270"]
[BlackElo "2250"]

1.d4 Nf6 2.Nf3 e6 3.c4 d5 4.Nc3 Be7 5.Bf4 O-O 6.e3 c5 7.dxc5 Qa5 8.Bd6 Nc6
9.Nd4 Bxd6 10.cxd6 Qb4 11.Nb5 dxc4 12.Qa4 a6 13.Qxb4 Nxb4 14.Nc7 Rb8 15.O-O-O b5
16.a3 Nc6 17.Be2 Rb6 18.f4 Rd8 19.e4 e5 20.N7d5 Rb7 21.fxe5 Nxd5 22.Nxd5 Nxe5
23.Ne7+ Kf8 24.Rd5 f6 25.Rf1 Ke8 26.Bh5+ g6 27.Be2 Be6 28.Rd2 Kf7 29.h3 Rbd7
30.Rfd1 c3 31.bxc3 Bb3 32.Rf1 Rxd6 33.Rxd6 Rxd6 34.Nd5 Bxd5 35.exd5 Rxd5
36.Kc2 Kg7 37.Rf4 g5 38.Rb4 Nc6 39.Rb1 Re5 40.Bf3 Na5 41.a4 Nc4 42.Ra1 Kg6
43.axb5 axb5 44.Kd3 h5 45.Be4+ f5 46.Ra6+ Kg7 47.Bc6 g4 48.hxg4 hxg4 49.Ra2 Rc5
50.Ba8 Kf6 51.Kd4 Rc8 52.Ra6+ Kg5 53.Bc6 Nd2 54.Bd5 Kf4 55.Re6 Rd8 56.Kc5 Nb1
57.c4 Nc3 58.g3+ Kg5 59.Re3 b4 60.Rd3 Rb8 61.Kd4 Ne2+ 62.Ke3 Nxg3 63.c5 f4+
64.Kd2 f3 65.Bxf3 gxf3 66.Rxf3 Ne4+ 67.Kc2 Nxc5 68.Rf1 b3+ 69.Kb1 Na4 70.Rc1 Rb4  0-1

[Event "HUN-chT"]
[Site "HUN"]
[Date "1993.??.??"]
[Round "?"]
[White "Forintos, Gyozo V"]
[Black "Dely, Peter"]
[Result "1-0"]
[WhiteElo "2445"]
[BlackElo "2420"]

1.d4 d5 2.c4 e6 3.Nf3 Bb4+ 4.Bd2 Be7 5.Nc3 Nf6 6.Bf4 c6 7.e3 O-O 8.a3 b6
9.Bd3 Bb7 10.O-O c5 11.Qe2 cxd4 12.Nxd4 Nbd7 13.cxd5 e5 14.Nf5 exf4 15.d6 Bxd6
16.Nxd6 f3 17.gxf3 Ne5 18.Nxb7 Qxd3 19.Qxd3 Nxd3 20.b4 a5 21.bxa5 Rfb8 22.a6 Rxa6
23.Rfd1 Rxb7 24.Rxd3 Kf8 25.Nb5 Nd7 26.Kg2 Nc5 27.Rd5 Ra5 28.Rb1 Rd7 29.Rxd7 Nxd7
30.Kf1 Ra8 31.Rb3 Ra5 32.Ke2 Nc5 33.Rb4 Na6 34.Rb1 Ra4 35.f4 g6 36.Kd2 Ra5
37.Kc3 Ra4 38.Rd1 Ke7 39.f3 f5 40.Rb1 Kd7 41.h4 Nc7 42.Rd1+ Kc6 43.Nd4+ Kb7
44.Nc2 Kc8 45.Kb3 Ra5 46.Rd6 Rb5+ 47.Nb4 Na6 48.h5 gxh5 49.Rh6 Nxb4 50.axb4 Rd5
51.Kc4 Rd7 52.Rxb6  1-0

[Event "HUN-chT"]
[Site "HUN"]
[Date "1993.??.??"]
[Round "?"]
[White "Kallai, Gabor"]
[Black "Bauer, Tamas"]
[Result "1/2-1/2"]
[WhiteElo "2455"]
[BlackElo "2335"]

1.d4 d5 2.c4 e6 3.Nf3 Nf6 4.Nc3 Be7 5.Bf4 O-O 6.e3 b6 7.Rc1 c5 8.cxd5 Nxd5
9.Nxd5 Qxd5 10.Bc4 Qd8 11.O-O Bb7 12.dxc5 Bxc5 13.Qc2 Bxf3 14.gxf3 Nd7 15.Bb5 Qe7
16.Qa4 Nf6 17.b4 Bd6 18.Bxd6 Qxd6 19.Bc6 Rac8 20.Rfd1 Qe7 21.f4 e5 22.b5 Rfd8  1/2-1/2

[Event "HUN-chT"]
[Site "HUN"]
[Date "1993.??.??"]
[Round "?"]
[White "Kallai, Gabor"]
[Black "Almasi, Istvan"]
[Result "1-0"]
[WhiteElo "2450"]
[BlackElo "2385"]

1.d4 e6 2.c4 d5 3.Nf3 Nf6 4.Nc3 Be7 5.Bf4 O-O 6.e3 c5 7.dxc5 Bxc5 8.a3 Nc6
9.Qc2 Qa5 10.Rd1 Be7 11.Nd2 e5 12.Nb3 Qb6 13.Bg5 d4 14.Bxf6 Bxf6 15.Nd5 Qd8
16.Bd3 g6 17.Nxf6+ Qxf6 18.exd4 Nxd4 19.Nxd4 exd4 20.O-O Bd7 21.Rd2 Bc6 22.b4 Qf4
23.h3 Rfe8 24.Rfd1 Re5 25.Bf1 Rg5 26.Rxd4 Qf3 27.Rg4 Rxg4 28.hxg4 Qxg4 29.b5 Bf3
30.Re1 Rd8 31.Qc3 Bd1 32.Qf6 Rf8 33.Re7 Bb3 34.Qc3 Qd1 35.Rxb7 Bc2 36.Rxa7 Bf5
37.b6 Rd8 38.Qf6 Be6 39.b7  1-0

[Event "HUN-ch"]
[Site "HUN"]
[Date "1993.??.??"]
[Round "1"]
[White "Kallai, Gabor"]
[Black "Varga, Zoltan"]
[Result "1-0"]
[WhiteElo "2460"]
[BlackElo "2475"]

1.d4 d5 2.c4 e6 3.Nf3 Nf6 4.Nc3 Be7 5.Bf4 O-O 6.e3 b6 7.Rc1 c5 8.cxd5 Nxd5
9.Nxd5 Qxd5 10.Bc4 Qd8 11.O-O a6 12.dxc5 Bxc5 13.Ne5 Qe7 14.Qg4 f6 15.Nd3 Kh8
16.Nxc5 bxc5 17.Qf3 Bb7 18.Bd6 Qd7 19.Bxe6 Qxd6 20.Qxb7 Nc6 21.Bb3 c4 22.Rfd1 Qe5
23.Ba4 Ne7 24.Rxc4 Rab8 25.Qxa6 Rxb2 26.Rc2 Rb4 27.Bb3 Ng6 28.Rc8 h5 29.Rxf8+ Nxf8
30.Qd6 Qxd6 31.Rxd6 Ng6 32.Bc2 Rc4 33.Bb3 Rc3 34.g3 h4 35.Kg2 hxg3 36.hxg3 Ne5
37.Rd2 g5 38.Rc2 Rd3 39.Bc4 Nxc4 40.Rxc4 Rd2 41.a4 Kg7 42.g4 Ra2 43.Rc7+ Kg6
44.Ra7 Ra3 45.a5 Ra4 46.Kf3 Kh6 47.a6 Kg6 48.Ra8 Kg7 49.a7 Ra2 50.Ke4 Ra4+
51.Kd5 Ra5+ 52.Kc6  1-0

[Event "ITA-chT"]
[Site "ITA"]
[Date "1993.??.??"]
[Round "1"]
[White "Marinelli, Tullio"]
[Black "Horvath, Zoltan"]
[Result "1-0"]
[WhiteElo "2365"]
[BlackElo "2345"]

1.d4 d5 2.Nf3 Nf6 3.c4 e6 4.Nc3 Be7 5.Bf4 O-O 6.e3 c5 7.dxc5 Bxc5 8.Qc2 Nc6
9.Rd1 Qa5 10.a3 Be7 11.Nd2 e5 12.Bg3 d4 13.Nb3 Qb6 14.exd4 Nxd4 15.Nxd4 exd4
16.Na4 Qa5+ 17.b4 Bxb4+ 18.axb4 Qxb4+ 19.Rd2 Re8+ 20.Be2 Ne4 21.Nb2 Bf5 22.Nd3 Qc3
23.Kd1 Nxd2 24.Qxd2 Qb3+  1-0

[Event "Jakarta Interzonal (Women)"]
[Site "Jakarta"]
[Date "1993.??.??"]
[Round "?"]
[White "Lelchuk, Zoja"]
[Black "Maric, Mirjana"]
[Result "1-0"]
[WhiteElo "2340"]
[BlackElo "2305"]

1.Nf3 Nf6 2.c4 e6 3.Nc3 d5 4.d4 Be7 5.Bf4 O-O 6.e3 c5 7.dxc5 Bxc5 8.Be2 Nc6
9.cxd5 exd5 10.O-O Be6 11.Rc1 Bb6 12.Ne5 d4 13.Nxc6 bxc6 14.exd4 Qxd4 15.Qxd4 Bxd4
16.Rfd1 Bxc3 17.bxc3 Bxa2 18.Ba6 Rad8 19.c4 Rxd1+ 20.Rxd1 h6 21.f3 Re8 22.Kf2 c5
23.Bb5 Ra8 24.Ra1 Bb3 25.Ra6 Rd8 26.Rxa7 Ne8 27.Ra3 Bc2 28.Ra2 Bf5 29.Be3 Rc8
30.Ra7 Nd6 31.Bf4 Rd8 32.Rc7 Nxb5 33.cxb5 Rc8 34.Ra7 g5 35.b6 gxf4 36.b7 Kg7
37.Ra8 Rc6 38.b8=Q c4 39.Qe5+ Rf6 40.Rg8+ Kxg8 41.Qxf6 Bg6 42.Qxf4 c3 43.Qxh6  1-0

[Event "Jyvaskyla op"]
[Site "Jyvaskyla"]
[Date "1993.??.??"]
[Round "7"]
[White "Yrjola, Jouni"]
[Black "Kekki, Jorma"]
[Result "0-1"]
[WhiteElo "2455"]
[BlackElo "2295"]

1.d4 d5 2.c4 e6 3.Nc3 Be7 4.Nf3 Nf6 5.Bf4 O-O 6.e3 c5 7.dxc5 Bxc5 8.Qc2 Nc6
9.a3 Qa5 10.Nd2 Be7 11.Be2 Bd7 12.O-O e5 13.Bg3 d4 14.b4 Qd8 15.Nd5 Rc8 16.Qd3 b5
17.Nxf6+ Bxf6 18.cxb5 Ne7 19.Rac1 dxe3 20.fxe3 Bxb5 21.Qxd8 Rcxd8 22.Bxb5 Rxd2
23.e4 Nc8 24.Rfd1 Ra2 25.Rc3 Nb6 26.h3 h6 27.Rdd3 Ra8 28.Bc6 Rc8 29.Bb5 Ra8
30.Bc6 Rc8 31.Bb7 Rc4 32.Kh2 Rd4 33.Bc6 g5 34.Rxd4 exd4 35.Rd3 Rc2 36.e5 Bg7
37.Bf3 Rc4 38.Be2 Nd7 39.Rd2 Rc3  0-1

[Event "Katowice op"]
[Site "Katowice"]
[Date "1993.??.??"]
[Round "2"]
[White "Malaniuk, Vladimir P"]
[Black "Erneste, Inguna"]
[Result "1/2-1/2"]
[WhiteElo "2600"]
[BlackElo "2365"]

1.d4 d5 2.c4 e6 3.Nf3 Nf6 4.Nc3 Be7 5.Bf4 c6 6.e3 O-O 7.Rc1 Nbd7 8.h3 a6
9.a3 dxc4 10.Bxc4 c5 11.O-O b5 12.Ba2 Bb7 13.d5 exd5 14.Nxd5 Nxd5 15.Bxd5 Bxd5
16.Qxd5 Nf6 17.Qb7 Re8 18.Rfd1 Qc8 19.Qxc8 Raxc8 20.Bd6 Kf8 21.Bxe7+ Kxe7
22.b3 Red8 23.Rxd8 Kxd8 24.Kf1 Ke7 25.Ke2 Ne4 26.Ne5 Nd6 27.a4 f6 28.Nf3 Rc7
29.Nd2 Ke6 30.g4 Kd5  1/2-1/2

[Event "Katowice op"]
[Site "Katowice"]
[Date "1993.??.??"]
[Round "4"]
[White "Malaniuk, Vladimir P"]
[Black "Nielsen, Peter Heine"]
[Result "1/2-1/2"]
[WhiteElo "2600"]
[BlackElo "2440"]

1.d4 Nf6 2.Nf3 d5 3.c4 e6 4.Nc3 Be7 5.Bf4 O-O 6.e3 c5 7.dxc5 Bxc5 8.Be2 dxc4
9.Bxc4 a6 10.O-O b5 11.Bd3 Bb7 12.Qe2 Nbd7 13.Rfd1 Qb6 14.Rac1 Rfd8 15.Bb1 Rac8
16.Ng5 Be7 17.Nge4 b4 18.Nxf6+ Nxf6 19.Na4 Qb5 20.Rxd8+ Rxd8 21.Qxb5 axb5
22.Nb6 Bc5 23.Bc7 Rd2 24.h3 Bf8 25.Be5 Ne8 26.Bd4 Be7 27.Nd7 Bg5  1/2-1/2

[Event "Las Palmas op"]
[Site "Las Palmas"]
[Date "1993.??.??"]
[Round "?"]
[White "Gomez Esteban, Juan Mario"]
[Black "Campora, Daniel H"]
[Result "1-0"]
[WhiteElo "2450"]
[BlackElo "2540"]

1.d4 d5 2.c4 e6 3.Nc3 Nf6 4.Nf3 Be7 5.Bf4 O-O 6.e3 c5 7.dxc5 Bxc5 8.Qc2 Nc6
9.a3 Qa5 10.Nd2 Bb4 11.cxd5 exd5 12.Nb3 Bxc3+ 13.bxc3 Qa4 14.Bd3 Be6 15.O-O Rfc8
16.Qb2 Nd8 17.Nd4 Qd7 18.Rfd1 Qe7 19.Qb4 Qc5 20.Rac1 Ne4 21.c4 g5 22.Be5 dxc4
23.Bxe4 Qxe5 24.Nxe6 fxe6 25.Bxh7+ Kg7 26.Rd7+ Nf7 27.Qxb7 Qf6 28.Be4 Rab8
29.Qxa7 Rb2 30.Rxf7+ Qxf7 31.Qd4+ Qf6 32.Qd7+ Qf7 33.Qd4+ Qf6 34.Qd7+ Qf7
35.Qxc8 Qxf2+ 36.Kh1 Qxe3 37.Qc7+ Kf6 38.Qxc4 Re2 39.Rf1+ Ke5 40.Bf3  1-0

[Event "Linz"]
[Site "Linz"]
[Date "1993.??.??"]
[Round "9"]
[White "Lechtynsky, Jiri"]
[Black "Kiss, Laszlo"]
[Result "1-0"]
[WhiteElo "2380"]
[BlackElo "2255"]

1.Nf3 Nf6 2.c4 e6 3.Nc3 d5 4.d4 Be7 5.Bf4 O-O 6.e3 a6 7.c5 Nh5 8.Bd3 Nxf4
9.exf4 Nc6 10.a3 a5 11.Rc1 b6 12.cxb6 cxb6 13.Na4 Bd7 14.O-O g6 15.Bb5 Ne5
16.Bxd7 Nxd7 17.Qb3 Bd6 18.g3 Rc8 19.Qb5 Rc7 20.Rc6 Rxc6 21.Qxc6 Qc7 22.Qxc7 Bxc7
23.Rc1 Bd8 24.Rc6 b5 25.Nc3 b4 26.axb4 axb4 27.Na4 h6 28.h4 Kg7 29.Kf1 Kf6
30.Ke2 Kf5 31.Ne1 g5 32.hxg5 hxg5 33.fxg5 Bxg5 34.Nd3 b3 35.Rc7 Nf6 36.f3 Rh8
37.g4+ Kg6 38.Ne5+ Kg7 39.Nc5 Rh2+ 40.Kd3 Rd2+ 41.Kc3 Be3 42.Rxf7+  1-0

[Event "Lisboa zt"]
[Site "Lisboa"]
[Date "1993.??.??"]
[Round "8"]
[White "Damaso, Rui"]
[Black "Arlandi, Ennio"]
[Result "1-0"]
[WhiteElo "2435"]
[BlackElo "2460"]

1.d4 d5 2.c4 e6 3.Nc3 Be7 4.Nf3 Nf6 5.Bf4 O-O 6.e3 b6 7.cxd5 exd5 8.Ne5 Bb7
9.Bd3 c5 10.O-O Nc6 11.Qf3 cxd4 12.Nxc6 Bxc6 13.exd4 Qd7 14.Be5 b5 15.Bf5 Qb7
16.Rfe1 Rfe8 17.Re3 b4 18.Ne2 Ne4 19.Bxh7+ Kxh7 20.Qxf7 Bg5 21.Rh3+ Bh6 22.Qf5+ Kg8
23.Qg6 Kf8 24.Rxh6 gxh6 25.Nf4 Ke7 26.f3 Kd8 27.fxe4 dxe4 28.Rc1  1-0

[Event "Ljubljana op"]
[Site "Ljubljana"]
[Date "1993.??.??"]
[Round "?"]
[White "Soln, Primoz"]
[Black "Orel, Oskar"]
[Result "1/2-1/2"]
[WhiteElo "2300"]
[BlackElo "2335"]

1.d4 Nf6 2.c4 e6 3.Nf3 d5 4.Nc3 Be7 5.Bf4 O-O 6.e3 b6 7.Be2 Bb7 8.h3 c5 9.O-O Nc6
10.cxd5 exd5 11.Rc1 Rc8 12.Bh2 Re8 13.Re1 Bd6 14.dxc5 Bxc5 15.Nd4 Nxd4 16.exd4 Bd6
17.Bxd6 Qxd6 18.Bf3 g6 19.Qd2 Kg7 20.a3 Ba6  1/2-1/2

[Event "Loosdorf op"]
[Site "Loosdorf"]
[Date "1993.??.??"]
[Round "5"]
[White "Portenschlager, Peter"]
[Black "Klovans, Janis"]
[Result "1/2-1/2"]
[WhiteElo "2230"]
[BlackElo "2415"]

1.d4 Nf6 2.c4 e6 3.Nc3 d5 4.Nf3 Be7 5.Bf4 O-O 6.e3 b6 7.Bd3 Bb7 8.O-O Nbd7
9.Rc1 Nh5 10.Be5 Nxe5 11.Nxe5 Nf6 12.cxd5 exd5 13.f4 c5 14.Qf3 a6 15.g4 cxd4
16.exd4 Rc8 17.Kh1 Ne8 18.Qh3 g6 19.g5 Rc7 20.Qh6 f5 21.Ne2 Bd6 22.Rxc7 Qxc7
23.Rf3 Bxe5 24.fxe5 Ng7 25.Nf4 Qc1+ 26.Bf1 Re8 27.Qh4 Ne6 28.Nxe6 Rxe6 29.Rf2 Rc6
30.Qg3 a5 31.Kg2 Rc2 32.e6 f4 33.Rxc2 Qxc2+ 34.Qf2 Qe4+ 35.Kg1 Kf8 36.Bh3 Ke7
37.Qd2 Bc8 38.Qc3 Qe3+ 39.Qxe3 fxe3 40.Bg2 Bxe6 41.Kf1 Kd6 42.Ke2 Bf5 43.Kxe3 Ke6
44.Kf4  1/2-1/2

[Event "POL-chT"]
[Site "Lubniewice"]
[Date "1993.??.??"]
[Round "?"]
[White "Kempinski, Robert"]
[Black "Gizynski, Tomasz"]
[Result "1/2-1/2"]
[WhiteElo "2370"]
[BlackElo "2350"]

1.Nf3 e6 2.c4 d5 3.d4 Nf6 4.Nc3 Be7 5.Bf4 O-O 6.e3 b6 7.Rc1 c5 8.cxd5 exd5
9.Be2 Bb7 10.O-O Nbd7 11.h3 Ne4 12.dxc5 Nxc3 13.Rxc3 bxc5 14.Qb3 Qb6 15.Qc2 c4
16.Qb1 Bf6 17.Rc2 Nc5 18.Rd1 a5 19.Bg5 Bxg5 20.Nxg5 h6 21.Nf3 Rab8 22.Nd4 a4
23.Bf3 Ba8 24.Nf5 Qf6 25.Re2 Rfd8 26.Nd4 g6 27.Qc2 Qb6  1/2-1/2

[Event "Wch Team"]
[Site "Luzern"]
[Date "1993.??.??"]
[Round "8"]
[White "Kramnik, Vladimir"]
[Black "Vaganian, Rafael A"]
[Result "1/2-1/2"]
[WhiteElo "2710"]
[BlackElo "2615"]

1.Nf3 Nf6 2.c4 e6 3.Nc3 d5 4.d4 Be7 5.Bf4 O-O 6.e3 c5 7.dxc5 Bxc5 8.a3 Nc6
9.Rc1 dxc4 10.Bxc4 Qxd1+ 11.Kxd1 b6 12.Ke2 Bb7 13.Nb5 Rfd8 14.Rhd1 Ne8 15.Bd3 h6
16.b4 Be7 17.Be4 Rxd1 18.Kxd1 Nd8 19.Bxb7 Nxb7 20.Nfd4 Bd6 21.Nxd6 Nbxd6
22.Bxd6 Nxd6 23.Ke2 Kf8 24.Rc7 Ke8 25.a4 Kd8 26.Rxa7 Rxa7 27.Nc6+ Kc7 28.Nxa7 Kb7
29.Nb5 Nxb5 30.axb5 Kc7 31.Kd3 Kd6 32.f4 h5 33.g3 f6 34.Kd4 g6 35.Ke4 Ke7
36.Kd4 Kd6 37.Ke4 Ke7 38.h3 Kd6 39.Kd4 e5+ 40.fxe5+ fxe5+  1/2-1/2